|
|
|
|
| LEADER |
00000nam0a2200000 4500 |
| 001 |
189260 |
| 005 |
20231031175204.0 |
| 010 |
|
|
|a 9785373021616
|
| 035 |
|
|
|a (RuTPU)RU\TPU\book\205657
|
| 090 |
|
|
|a 189260
|
| 100 |
|
|
|a 20101222d2008 m y0rusy50 ca
|
| 101 |
0 |
|
|a rus
|
| 102 |
|
|
|a RU
|
| 105 |
|
|
|a y z 000ay
|
| 200 |
1 |
|
|a Максимус Гром. Война за биософт
|e роман
|h книга третья
|f Л. Курпатова-Ким
|
| 210 |
|
|
|a Москва
|c ОЛМА Медиа Групп
|d 2008
|
| 215 |
|
|
|a 576 с.
|
| 330 |
|
|
|a Нужно спасти мир, чтобы стать врагом номер один. Вместо почестей Макс Громов обвинен в сговоре с Джокером и намеренном уничтожении Сети. Но теперь он самый богатый человек в хайтек-пространстве: ему принадлежит биософт — технология будущего. Ее возможности потрясают воображение, а результат внедрения — биллионы кредитов и неограниченная власть. Громов рискует повторить трагическую судьбу Роберта Аткинса. Только правда о загадочной смерти создателя Сети спасет жизнь юного гения.
|
| 610 |
1 |
|
|a русская литература
|
| 610 |
1 |
|
|a романы
|
| 610 |
1 |
|
|a фантастика
|
| 675 |
|
|
|a Р2
|v 3
|
| 700 |
|
1 |
|a Курпатова-Ким
|b Л.
|g Лилия
|
| 801 |
|
1 |
|a RU
|b 63413507
|c 20101222
|
| 801 |
|
2 |
|a RU
|b 63413507
|c 20110118
|g RCR
|
| 942 |
|
|
|c BK
|